| 000 | 01773nam a22002417a 4500 | ||
|---|---|---|---|
| 999 |
_c56746 _d56746 |
||
| 003 | Ge_BSU | ||
| 005 | 20230202102251.0 | ||
| 008 | 190420s1999 ge ||||| |||| 00| 0 geo d | ||
| 020 | _a9992881801 | ||
| 041 | _ageo | ||
| 080 | _a347.78 კ-90 | ||
| 100 |
_aკუნცევა-გაბაშვილი, ნინო _9191 |
||
| 245 |
_aსაავტორო და მომიჯნავე უფლებების საერთაშორისო რეგულირება და მართვა / _cნინო კუნცევა-გაბაშვილი ; საქართველოს ახალგაზრდა იურისტთა ასოციაცია. |
||
| 264 |
_aთბილისი : _bსაქართველოს ახალგაზრდთა იურისტთა ასოციაცია, _c1999. |
||
| 300 |
_a252 გვ. ; _c20 სმ. |
||
| 500 | _aწიგნი გამოცემულია ამერიკის ადვოკატთა ასოციაციის ფინანსური მხარდაჭერით. | ||
| 504 | _aბიბლიოგრ.: გვ. 248 | ||
| 505 | _aსაავტორო უფლებების დაცვის საერთაშორისო საკანონმდებლო ბაზა,საავტორო და მომიჯნავე უფლებების კოლექტიური მართვა. | ||
| 653 | _aსაავტორო უფლებები | ||
| 653 | _aსამართალი | ||
| 710 |
_aსაქართველოს ახალგაზრდა იურისტთა ასოციაცია _9193 |
||
| 942 |
_2udc _cBK |
||